LIBRARY & INFORMATION CENTRE, KCAET, TAVANUR

ONLINE PUBLIC ACCESS CATALOGUE (OPAC)

Impact study of regulator cum bridges (Record no. 14997)

MARC details
000 -LEADER
fixed length control field 00680nam a22001817a 4500
003 - CONTROL NUMBER IDENTIFIER
control field OSt
088 ## - REPORT NUMBER
Report number P 267
100 ## - MAIN ENTRY--AUTHOR NAME
Personal name AJAY GOKUL A. J
-- PRAVEENA N
-- RAKHI J. F
245 ## - TITLE STATEMENT
Title Impact study of regulator cum bridges
260 ## - PUBLICATION, DISTRIBUTION, ETC. (IMPRINT)
Place of publication Tavanur 2013
Name of publisher Department of Land and Water Resources & Conservation EngineeringKelappaji College of Agricultural Engineering and Technology
300 ## - PHYSICAL DESCRIPTION
Number of Pages 73
500 ## - GENERAL NOTE
General note Impact study of regulator cum bridges
520 ## - SUMMARY, ETC.
Summary, etc Impact study of regulator cum bridges
700 ## - ADDED ENTRY--PERSONAL NAME
Personal name Dr. Abdul Hakkim V. M (Guide)
856 ## - ELECTRONIC LOCATION AND ACCESS
Uniform Resource Identifier https://drive.google.com/open?id=19A8dZcAQAuOgX8IItpQpNY_6FIMqBg8I
942 ## - ADDED ENTRY ELEMENTS (KOHA)
Koha item type Project Report
Holdings
Collection code Home library Current library Shelving location Full call number Accession Number Koha item type
Reference KAUAET KAUAET Reference 631.75 807 AJA/IM P 267 Project Report
free website counter